Infection of the muscle tissue of the filter-feeding cichlid, Chaetobranchopsis orbicularis Steindachner, 1875, by Kudoa orbicularis (Myxozoa: Multivalvulidae) on Marajó Island in the Brazilian Amazon region (Registro n. 300844)
[ somente texto ]
| 000 -LÍDER | |
|---|---|
| fixed length control field | 03802nab a2200301 i 4500 |
| 003 - CÓDIGO MARC DA AGÊNCIA CATALOGADORA | |
| Campo de controle | BR-BrBNA |
| 005 - DATA E HORA DA ÚLTIMA ATUALIZAÇÃO | |
| Campo de controle | 20240812124901.0 |
| 008 - CAMPO DE TAMANHO FIXO | |
| fixed length control field | 240812b2017 bl.|r|pooa||| 00| 0 eng | |
| 040 ## - FONTE DA CATALOGAÇÃO | |
| Agência catalogadora | BR-BrBNA |
| Idioma da catalogação | eng |
| 072 ## - CATEGORIA AGRIS | |
| Código AGRIS | L73 |
| Código do objeto | 8140 |
| 100 ## - ENTRADA PRINCIPAL - NOME PESSOAL | |
| Nome pessoal | Sindeaux-Neto, J.L. |
| 100 ## - ENTRADA PRINCIPAL - NOME PESSOAL | |
| Nome pessoal | Velasco, M. |
| 100 ## - ENTRADA PRINCIPAL - NOME PESSOAL | |
| Nome pessoal | Santos, P. |
| 100 ## - ENTRADA PRINCIPAL - NOME PESSOAL | |
| Nome pessoal | Matos, P. |
| 100 ## - ENTRADA PRINCIPAL - NOME PESSOAL | |
| Nome pessoal | Matos, E. |
| 245 ## - TÍTULO PRINCIPAL | |
| Título principal | <br/>Infection of the muscle tissue of the filter-feeding cichlid, Chaetobranchopsis orbicularis Steindachner, 1875, by Kudoa orbicularis (Myxozoa: Multivalvulidae) on Marajó Island in the Brazilian Amazon region |
| 500 ## - NOTA GERAL | |
| Nota geral | Publicação online; 21 ref.; Summaries (En, Pt) |
| 942 ## - ADDED ENTRY ELEMENTS (KOHA) | |
| Koha item type | |
| 520 ## - NOTA DE RESUMO | |
| Nota de conteúdo | <br/>ABSTRACT - This study describes aspects of infections caused by the myxosporidian Kudoa orbicularis in filter-feeding cichlids, Chaetobranchopsis orbicularis, caught in the Arari River in the municipality of Cachoeira do Arari, on Marajó Island, Pará, Brazil. The parasite forms pseudocysts scattered throughout the striated epaxial and hypaxial muscles. Samples embedded in paraffin were analyzed histologically using hematoxylin-eosin, Gömöri, Ziehl-Neelsen, and Giemsa staining. Necropsy of the C. orbicularis specimens revealed that 100% (50/50) were infected with K. orbicularis. The specimens presented grossly abnormal muscle texture, resulting in extensive inconsistencies and weakness. Progressive softening of the muscles was observed during necropsy, indicating the rapid enzymatic autolysis of the tissue. The parasite found in the muscle tissue of C. orbicularis was identified as K. orbicularis, with clinical signs of disease being observed in the fish. The necropsy revealed extensive damage to the host organism, with well-established fibrocystic infections in the muscle fibers, associated with post mortem myoliquefaction.<br/><br/><br/>Keywords: muscle, Kudoa, Myoliquefaction, filter-feeding cichlid, Myxozoa |
| 520 ## - NOTA DE RESUMO | |
| Nota de conteúdo | <br/>RESUMO - O presente estudo descreve os aspectos histopatológicos de infecção causada por mixosporídio da espécie Kudoa orbicularis, o qual forma pseudocistos dispersos em toda a musculatura estriada esquelética, epi e hipoaxial, de Chaetobranchopsis orbicularis, capturados no Rio Arari, município de Cachoeira do Arari, Ilha do Marajó, Pará. Foram realizadas as técnicas histológicas de impregnação em parafina, utilizando-se as colorações de hematoxilina-eosina, Gomori, Ziehl-Neelsen e Giemsa. As análises necroscópicas dos espécimes de C. orbicularis revelaram 100% (50/50) de infecção por K. orbicularis. Os espécimes apresentavam macroscopicamente musculatura com características anormais de textura, se mostrava inconsistente e frágil. Durante a necropsia, pôde ser observado um progressivo amolecimento da musculatura, o que demonstra um rápido processo enzimático autolítico. Com base nos achados descritos neste trabalho, caracterizou-se uma infecção da musculatura de C. orbicularis por K.orbicularis, com demonstração de sinais clínicos de doença no peixe; os achados necroscópicos mostraram danos ao organismo hospedeiro, com instalação de infecção fibrosística nas fibras musculares, associada com uma mioliquefação post mortem.<br/><br/><br/>Palavras-chave: músculo, Kudoa, mioliquefação, cará, Myxozoa |
| 650 ## - ASSUNTO - THESAGRO | |
| Cabeçalho tópico ou nome geográfico | PEIXE DE ÁGUA DOCE |
| 650 ## - ASSUNTO - THESAGRO | |
| Cabeçalho tópico ou nome geográfico | PARASITO |
| 650 ## - ASSUNTO - THESAGRO | |
| Cabeçalho tópico ou nome geográfico | HISTOPATOLOGIA |
| 650 ## - ASSUNTO - THESAGRO | |
| Cabeçalho tópico ou nome geográfico | MÚSCULO |
| 773 0# - ENTRADA ANALÍTICA | |
| Host Biblionumber | 1643 |
| Registro do item | 316504 |
| Imprenta | Belo Horizonte-MG Universidade Federal de Minas Gerais - Escola de Veterinaria 1983 |
| Outro identificador | 2024-2999 |
| Título | Arquivo Brasileiro de Medicina Veterinária e Zootecnia (Brazil) |
| ISSN | 0102-0935 |
| Colação | v. 69(6) p. 1601-1606; (2017) |
| Número de controle de registro | BR2024002254 |
| 856 ## - ACESSO E ENDEREÇO ELETRÔNICO | |
| Identificador uniforme de recurso - URI | https://www.scielo.br/j/abmvz/a/CTcxhGWvshxLtrZtZcmMNBm/?format=pdf&lang=en |
Nenhum exemplar disponível.

BINAGRI